|
|
|
|
| LEADER |
00000nam0a2200000 4500 |
| 001 |
365935 |
| 005 |
20231102011831.0 |
| 035 |
|
|
|a (RuTPU)RU\TPU\retro\23298
|
| 035 |
|
|
|a RU\TPU\retro\6521
|
| 090 |
|
|
|a 365935
|
| 100 |
|
|
|a 20220126d1974 k y0rusy5003 ca
|
| 101 |
0 |
|
|a rus
|
| 102 |
|
|
|a RU
|
| 105 |
|
|
|a a z 001zy
|
| 200 |
1 |
|
|a Советское декоративное искусство
|e [альбом]
|f К. А. Макаров
|g Академия художеств СССР ; Союз художников СССР
|
| 210 |
|
|
|a Москва
|c Советский художник
|d 1974
|
| 215 |
|
|
|a 332 с.
|c ил.
|
| 320 |
|
|
|a Указ. имен: с. 325-332
|
| 606 |
1 |
|
|a Декоративно-прикладное искусство
|2 stltpush
|3 (RuTPU)RU\TPU\subj\9017
|9 36311
|
| 610 |
1 |
|
|a текстиль
|
| 610 |
1 |
|
|a костюмы
|
| 610 |
1 |
|
|a стекло
|
| 610 |
1 |
|
|a фарфор
|
| 610 |
1 |
|
|a ювелирное искусство
|
| 610 |
1 |
|
|a оформительское искусство
|
| 610 |
1 |
|
|a художественное ремесло
|
| 610 |
1 |
|
|a интерьер
|
| 610 |
1 |
|
|a памятники
|
| 675 |
|
|
|a 745
|z rus
|v 3
|
| 700 |
|
1 |
|a Макаров
|b К. А.
|
| 712 |
0 |
2 |
|a Академия художеств СССР
|2 stltpush
|3 (RuTPU)RU\TPU\col\5342
|9 24085
|
| 712 |
0 |
2 |
|a Союз художников СССР
|2 stltpush
|3 (RuTPU)RU\TPU\col\17468
|9 26636
|
| 801 |
|
0 |
|a RU
|b RuMRKP
|c 19960705
|g psbo
|
| 801 |
|
1 |
|a RU
|b 63413507
|c 20190606
|
| 801 |
|
2 |
|a RU
|b 63413507
|c 20220126
|g RCR
|
| 942 |
|
|
|c BK
|